LEADER 00935nab a2200205 i 4500 001 000000281067 003 CaOOAMICUS 005 20140516000000.0 008 140516n xx uu u0 0und r 013 $a33483 020 $a978-88-382-4285-4 040 $aSeMil$bita 245 13$aIl romanzo della misericordia :$bla parabola di Luca nella letteratura moderna e contemporanea. - Titolo dalla copertina. 500 $aMARZO-APRILE 2014. 700 1 $aDi Rocco, Emilia.$0(OLS)http://semarc/name/84282 700 1 $aZirzotti, Emanuela.$0(OLS)http://semarc/name/84322 700 1 $aCapoferro, Riccardo.$0(OLS)http://semarc/name/84321 773 0 $t[2014 : Gennaio-Giugno].$dRoma : Studium, 2014.$w()227983 996 $6020$a978-88-382-4285-4$9(OLS)http://semarc/number/267917 996 $6245$aIl romanzo della misericordia :$bla parabola di Luca nella letteratura moderna e contemporanea. - Titolo dalla copertina.$9(OLS)http://semarc/title/363815 LEADER 01061nam a2200253 i 4500 001 000000191575 003 CaOOAMICUS 005 20250620101712.0 008 100810s1950 it u000 u ita u 013 $a170138 040 $aSeMil$bita 100 1 $aPancrazi, Pietro.$0(OLS)http://semarc/name/144 245 10$aScrittori d'oggi :$bsegni del tempo : serie quinta /$cPietro Pancrazi. 260 $aBari :$bLaterza,$c1950. 300 $aVIII, 250 p. ;$c21 cm. 490 0 $aBiblioteca di cultura moderna ;$v475 650 4$aLetteratura italiana - Sec. 20.$0(OLS)http://semarc/subject/1259 650 4$aScrittori italiani - Sec. 20.$0(OLS)http://semarc/subject/15182 830 0$aBiblioteca di cultura moderna ;$v475.$0(OLS)http://semarc/title/639 850 $aSeMil 852 $aSeMil$W1$xVenegono$y1$m1O III 364$j258665$B142189$CSeMilBibl$Z2$F153720 $81 996 $6245$aScrittori d'oggi :$bsegni del tempo : serie quinta$9(OLS)http://semarc/title/276058 996 $6260$aBari :$bLaterza$9(OLS)http://semarc/publisher/29858